00271nam a2200085 4500100002200000245011200022260002600134300000700160650001800167 aDhammika,H.K.M.N. aNutraceutical uses of sesame seeds as an antioxidant,Fatty acid oxidative compound and anti cancer compound aColombobICHEMCc2016 a18 a sesame seeds